000 00788nas a2200289 i 4500
001 1513
003 ES-MaACL
005 20250217134232.0
007 t|
008 950801d1983 sp fryp o 0 |spa d
022 _a9944-5913
080 _a460
080 _a017.4
245 0 3 _aEl Museo universal :
_bboletín bibliográfico.
246 3 _aBoletín bibliográfico de El Museo universal
260 _aMadrid :
_bEl Museo Universal,
_c1983-
300 _a1 v. :
_bil. ;
_c34 cm.
310 _aSemestral
362 0 _aN. 1 (dic. 1983)-
590 0 _an. 2 (nov. 1984)
650 4 _aBibliografía.
_910516
655 7 _2tgfbne
_9226866
_aRevistas
852 4 _aES-MaACL
_jHem-1915
866 0 _o(1984 f. n.1)1985-86.
942 _2udc
999 _c1513
_d1513